Normal view
MARC view
Entry Personal Name
001 - CONTROL NUMBER
- control field: 15171
003 - CONTROL NUMBER IDENTIFIER
- control field: ARRUPE
005 - DATE AND TIME OF LATEST TRANSACTION
- control field: 20150217121136.0
008 - FIXED-LENGTH DATA ELEMENTS
- fixed length control field: 150217|| aca||aabn | a|a d
040 ## - CATALOGING SOURCE
- Original cataloging agency: ARRUPE
- Transcribing agency: ARRUPE
100 ## - HEADING--PERSONAL NAME
- Personal name: Nurser, John,
- Dates associated with a name: 1929-
670 ## - SOURCE DATA FOUND
- Source citation: Work cat.: (ARRUPE)0: Nurser, John, 1929-, For all peoples and all nations :, c 2005.